| 000 | 00494nam a2200181Ia 4500 | ||
|---|---|---|---|
| 003 | GCL | ||
| 008 | 140319s9999 xx 000 0 eng d | ||
| 040 |
_aGCL / _cGCL |
||
| 082 | 0 | 4 |
_a297.122 _bT I |
| 100 | 1 | _aT . A . ISMAIL | |
| 245 | 1 | 0 |
_aINTERPRETATION OF THE HOLY QUR'AN ACCORDING TO THESIS / _cT . A . ISMAIL |
| 260 |
_aالقاهرة : _bT . A . ISMAIL |
||
| 300 |
_a24CM ؛ _c516P |
||
| 650 | 0 | 4 | _aKORAN - SCIENCE |
| 650 | 0 | 4 | _aKORAN |
| 650 | 0 | 4 | _aKORAN - TRANSLATING |
| 942 |
_2ddc _cBK |
||
| 999 |
_c7605 _d7605 |
||